Ορθόδοξη εκκλησία και νεοελληνικός διαφωτισμός : σπουδή στον Βενιαμίν Λέσβιο

Αποθηκεύτηκε σε:
Λεπτομέρειες βιβλιογραφικής εγγραφής
Κύριος συγγραφέας: Καλαμάτας, Αθανάσιος Ι., 1965-
Μορφή: Βιβλίο
Γλώσσα:Greek
Δημοσίευση: Μυτιλήνη : Reprographics, 2010.
Θέματα:
Ετικέτες: Προσθήκη ετικέτας
Δεν υπάρχουν, Καταχωρήστε ετικέτα πρώτοι!

MARC

LEADER 00000cam a2200000 i 4500
001 1/7260
008 100507s2010 gr | ||| |||| ||gre||
020 |a 9789609318570 
035 |l 10107799 
040 |a GR-MyUa  |b gre  |e AACR2 
041 0 |a gre 
082 7 |a 281.9   |2 (22) 
100 1 |a Καλαμάτας, Αθανάσιος Ι.,   |d 1965- 
245 1 0 |a Ορθόδοξη εκκλησία και νεοελληνικός διαφωτισμός :   |b σπουδή στον Βενιαμίν Λέσβιο /   |c Αθανάσιος Ι. Καλαμάτας. 
260 |a Μυτιλήνη :   |b Reprographics,   |c 2010. 
300 |a 85 σ. :   |b πίν. ;   |c 20 εκ. 
504 |a Βιβλιογραφία: σ. 51-85/ 
600 0 0 |a Βενιαμίν ο Λέσβιος,   |d 1762-1824. 
610 2 0 |a Orthodox Eastern Church  |x History. 
852 |a INST  |b LESVOS  |e 20100507  |h 281.9 ΚΑΛ  |p 005100047246  |q 005100047246  |t BK  |y 0 
852 |a INST  |b LESVOS  |e 20100507  |h 281.9 ΚΑΛ  |p 005100047247  |q 005100047247  |t BK  |y 0 
901 |a BIBL1-2010-2 
970 |a ΚΑΡΑ  |b ΓΙΑΣΕΜΗ  |z 2010/05/07